Football Teams by Country - Statistics

General Stats
  • This quiz has been taken 781 times
  • The average score is 16 of 18
Answer Stats
Hint Answer % Correct
Real Madrid Spain
100%
Arsenal England
98%
LA Galaxy United States
95%
Galatasaray Turkey
94%
Bayern Munich Germany
93%
Olympiacos Greece
92%
Inter Italy
92%
Al Nassr Saudi Arabia
92%
Monaco France
91%
Ajax Netherlands
90%
Benfica Portugal
90%
Santos Brazil
89%
Celtic Scotland
88%
Boca Juniors Argentina
87%
Lech Poznan Poland
85%
Anderlecht Belgium
80%
Vissel Kobe Japan
72%
Wellington Phoenix Australia
71%
No matching quizzes found
Score Distribution
Percent of People with Each Score
Percentile by Number Answered
Your Score History
You have not taken this quiz